zpět

Detail výsledku týmu

Kníničská pivnice, Brno

Datum a čas kvízu

35 Celkem bodů Celkový počet nahraných bodů na tomto kvízu bez doplňovacích otázek.
1. Pořadí na kvízu Konečné umístění týmu na tomto kvízu.

Zaznamenané odpovědi

# Otázka Odpověď Body Výsledky
1. Který živočich si minulý týden... labuť 1
2. Ze kterého důvodu zrušil minul... C 1
3. Minulý týden potvrdili konec s... David Prachař; Linda Rybová 1
4. Minulý týden byla na technolog... lízátko (Lollipop Star) 0
5. Minulý týden skončilo juniorsk... Vojtěch Čihař 1
6. Frank Lloyd Wright bývá označo... Guggenheimovo muzeum 0
7. Seřaďte uvedené události od té... 1A 2B 3D 4C 0
8. Jak se jmenuje tato americká h... Beastie Boys; No Sleep till Brooklyn 0
9. Turisté v NYC míří nejen do di... 1A 2D 3C 4B 1
10. Jak se jmenuje fiktivní město,... Gotham (City); Bronx 0.5